000 00846nam a2200205 i 4500
001 64195
003 ES-MaACL
005 20230906165051.0
007 t|
008 031222s1950 fr ||||1| fre d
245 0 0 _aFleuves et l'evolution des peuples
_b: Europa Orientale, Baltique-Mer Noire /
_cavec la collaboration de Pierre George ... [et al.].
250 _a[1eme ed.].
260 _aParis :
_bPresses Universitaires de France,
_c1950 (
_fImp. Gen. du Centre)
300 _a103 p., 3 lám. :
_bil. ;
_c25 cm.
500 _aPrecede al tít.: Centre International de Synthése. Institut International d'Archeocivilisation.
700 1 _aGeorge, Pierre.
_956386
710 2 _aCentre International de Synthese (Paris)
_92557
710 2 _aInstitut International d'Archeocivilisation (
_cRoma)
_94761
852 _aES-MaACL
_j1932-F-7
_bR.31649
999 _c64195
_d64195